Normal view
MARC view
- Mumtaz, Ifra
Entry Personal Name
001 - CONTROL NUMBER
- control field: 16913
003 - CONTROL NUMBER IDENTIFIER
- control field: NUST
005 - DATE AND TIME OF LATEST TRANSACTION
- control field: 20190706111420.0
008 - FIXED-LENGTH DATA ELEMENTS
- fixed length control field: 190706|| aca||aabn | a|a d
040 ## - CATALOGING SOURCE
- Original cataloging agency: NUST
- Transcribing agency: NUST
100 ## - HEADING--PERSONAL NAME
- Personal name: Mumtaz, Ifra
670 ## - SOURCE DATA FOUND
- Source citation: Work cat.: (NUST): Mumtaz, Ifra, The Spectral Method /, 2014.
